00514nam a2200169Ia 450000500170000000800410001702000150005808200130007310000160008624500260010226000430012830000130017150000420018494200060022695200970023299900150032920250617035446.0240331s9999 xx 000 0 und d a9559567527 bHATa323 aHaththaka,M 0aAwaneethiya rajaweema aRajagiriyabMuro Book Publishersc2006 a114 p ., aA collection of letters- human rights cL 001040708LaWERCLbWERCLcSSCd2024-03-31l0o 323.4 HATp5773r2024-03-31w2024-03-31yL c5051d5051